[Event "USA-ch Women 2020"]
[Site "Saint Louis"]
[Date "2020.10.21"]
[Round "2.4"]
[White "Wang, Annie"]
[Black "Eswaran, Ashritha"]
[Result "1-0"]
[WhiteElo "2384"]
[BlackElo "2244"]
[Annotator "TA"]
[PlyCount "105"]
[EventDate "2020.10.21"]
[EventType "tourn"]
[EventCountry "USA"]
[SourceTitle "playchess.com"]
[Source "ChessBase"]
[SourceQuality "1"]

{[%evp 20,104,58,68,56,64,141,131,166,172,195,147,163,161,248,231,254,207,319,315,361,295,291,234,263,285,254,255,263,232,226,104,112,64,133,58,111,92,78,19,153,125,381,381,559,541,555,537,643,635,613,605,560,443,764,774,777,507,2427,2404,6742,6291,6179,6195,5297,864,838,841,826,826,773,756,864,864,941,927,906,897,4794,29971,29985,29986,29997,29998,29998,29999,29999]} 1. d4 Nf6 2. c4 e6 3. Nf3 c5 4. d5 exd5 5. cxd5 d6 6. Nc3 g6 7. h3 Bg7 8. e4 O-O 9. Bd3 a6 10. a4 Nbd7 11. O-O Ne8 {A70: Modern Benoni: 6 e4 g6 7 Nf3.} 12. Bg5 {[#]} Qc7 $146 (12... Bf6 $14) ({Predecessor:} 12... Bf6 13. Bf4 Qe7 14. Qd2 Rb8 15. Rfe1 Ne5 16. Nxe5 Bxe5 17. Bxe5 dxe5 18. a5 Bd7 19. Rac1 {½-½ (46) Gorovets,A (2505)-Bregadze,L (2483) Saint Louis 2015}) 13. Be7 $16 b6 {White is clearly better.} 14. Bxf8 Nxf8 15. Qd2 Ra7 16. Rfe1 f6 (16... Nd7 $142 17. Qe3 Ne5) 17. Rac1 Qf7 18. Ne2 g5 (18... Nc7 $142 19. b4 Nd7) 19. b4 $18 Ng6 20. bxc5 bxc5 21. e5 {[%mdl 64] Deflection} dxe5 22. Rxc5 Nd6 23. Qc2 Bd7 24. Ng3 Bf8 25. Rc3 (25. Ra5 $18) 25... Nf4 $16 26. Be4 Nxe4 (26... h5 $14) 27. Qxe4 ({White should try} 27. Nxe4 $16 {d6 is the strong threat.} Nxd5 28. Rc5 $1 {[%mdl 512]}) 27... Nxd5 (27... Qxd5 $14 28. Nh5 Qxe4 29. Nxf6+ {[%mdl 64] Double Attack} Kg7 30. Nxe4 (30. Rxe4 Kxf6 31. Nxe5 Bf5 $15) 30... Bb4) 28. Rcc1 a5 29. Nf5 (29. Red1 $16 Be6 30. Qd3) 29... Be6 (29... Nf4 $11) 30. N3d4 {[%mdl 64] Pin} Nf4 $2 {[%mdl 8192] This move loses the game for Black.} (30... exd4 $16 31. Qxe6 Qxe6 32. Rxe6 d3) 31. Nxe6 $18 Nxe6 (31... Qxe6 {was necessary.} 32. Rc6 Qd5 33. Rxf6 Rd7) 32. Rc8 {Black must now prevent Nh6+.} Qd7 33. Qc4 Kf7 34. Rc1 Rb7 35. Qg4 Nf4 36. Qf3 e4 (36... h5 $142 37. Qe4 Rb4) 37. Qxe4 Rb4 38. R8c4 Ne2+ (38... Rxc4 $142 39. Rxc4 Bb4) 39. Qxe2 {White threatens Rc7! and mate.} Qxf5 40. Rc7+ Kg8 41. Qa2+ Kh8 {[#]} 42. Qf7 (42. Rc8 $142 $1 Kg7 43. R1c7+ Be7 44. Rxe7+ Kh6 45. Rcc7 Qb1+ 46. Qxb1 Rxb1+ 47. Kh2) 42... Rb8 43. g4 Qg6 44. Qxg6 hxg6 {[%mdl 4096] Endgame KRR-KRB} 45. R1c6 Bg7 46. Ra6 f5 47. Rxg6 Be5 48. Re7 Bf4 49. gxf5 Rf8 {White mates.} 50. f6 Rd8 51. Rh6+ Kg8 52. Rg7+ Kf8 53. Rh8# {Av CentiPawn Loss W=605/B=-87. Weighted=167/-129} 1-0

[Event "USA-ch Women 2020"]
[Site "Saint Louis"]
[Date "2020.10.21"]
[Round "2.5"]
[White "Derakhshani, Dorsa"]
[Black "Nguyen, Emily"]
[Result "0-1"]
[WhiteElo "2270"]
[BlackElo "2280"]
[Annotator "TA"]
[PlyCount "48"]
[EventDate "2020.10.21"]
[EventType "tourn"]
[EventCountry "USA"]
[SourceTitle "playchess.com"]
[Source "ChessBase"]
[SourceQuality "1"]

{[%evp 15,48,0,13,23,27,0,0,-47,-43,-58,-56,-63,-12,-42,0,-25,-29,-23,-37,-60,-54,-58,-45,-56,-46,-58,-56,-50,-44,-42,-47,-37,-35,-450,-443]} 1. e4 c5 2. Nf3 e6 3. d4 cxd4 4. Nxd4 Nf6 5. Nc3 d6 6. Be3 a6 7. Be2 Nbd7 8. O-O {8.0-0 has lost popularity.} b5 9. b4 {B84: Sicilian Scheveningen: 6 Be2 a6, lines without early Be3.} Qc7 {[#]} 10. Qe1 $146 ({Predecessor:} 10. Qd3 Bb7 11. a4 Ne5 12. Qd2 Rc8 13. Ra3 bxa4 14. b5 d5 15. Rxa4 Qxc3 16. Qxc3 Rxc3 17. bxa6 {0-1 (51) Le,V-Le,M Ho Chi Minh City 2005}) 10... Bb7 11. Bd3 {The position is equal.} Be7 12. a4 bxa4 $1 13. Rxa4 Nb6 (13... O-O $15) 14. Ra2 d5 (14... Nc4 {feels hotter.} 15. b5 Nxe3 16. fxe3 a5 17. Ra4 Nd7) 15. b5 {[%cal Rb5a6]} (15. exd5 {with more complications.} Nbxd5 16. Nxd5 Nxd5 17. b5 a5 18. Ra4) 15... dxe4 16. bxa6 {[#] Hoping for Ndb5.} exd3 17. axb7 Rxa2 $40 {[%mdl 128] Black attacks.} 18. Nxa2 Qxb7 19. cxd3 Nbd5 20. Qb1 Qxb1 21. Rxb1 O-O 22. h3 Rc8 23. Rc1 Ra8 24. Nc6 $2 {[%mdl 8192] [#]} (24. Rc2 $15) 24... Rxa2 {Av CentiPawn Loss W=-39/B=-7. Weighted=-73/-7} 0-1

[Event "USA-ch Women 2020"]
[Site "Saint Louis"]
[Date "2020.10.21"]
[Round "2.6"]
[White "Abrahamyan, Tatev"]
[Black "Foisor, Sabina-Francesca"]
[Result "1-0"]
[WhiteElo "2358"]
[BlackElo "2228"]
[Annotator "TA"]
[PlyCount "63"]
[EventDate "2020.10.21"]
[EventType "tourn"]
[EventCountry "USA"]
[SourceTitle "playchess.com"]
[Source "ChessBase"]
[SourceQuality "1"]

{[%evp 20,63,62,61,74,72,101,98,108,95,115,99,99,103,109,109,150,150,179,116,243,248,237,237,235,230,235,250,332,284,288,280,543,510,654,650,639,631,771,749,754,762,1439,1433,1255,1237]} 1. e4 e5 2. Nf3 Nf6 3. d4 Nxe4 4. Bd3 d5 5. Nxe5 Bd6 6. Nc3 Nxc3 7. bxc3 Nd7 8. Nxd7 Bxd7 9. O-O O-O 10. Qh5 g6 11. Qxd5 Bc6 {C43: Petroff Defence: 3 d4.} 12. Qg5 {[#]} f6 $146 ({Predecessor:} 12... Be7 13. Qg3 Bf6 14. Bf4 Rc8 15. Rae1 Qd5 16. a3 Qa5 17. Bd2 Qxa3 18. Ra1 Qe7 19. Rfe1 {1-0 (45) Antipov,M (2584)-Borisova,E (2283) chess.com INT 2020}) 13. Qh4 Re8 {White is better.} 14. Bf4 Ba3 15. Rae1 Qd5 {[%csl Gc6][%cal Rd5g2] [#]} 16. f3 Qf7 17. c4 {[%cal Bc3c4,Bc4c5][%mdl 32]} Bb4 18. Rb1 Ba5 19. Qg3 ({White should try} 19. d5 $18 Bd7 20. Kh1 (20. Rxb7 Bb6+ 21. c5 Bxc5+ 22. Kh1 Bb6 $16)) 19... Bb6 {Black cannot hold the game after this.} (19... b5 $16) 20. c5 $18 Ba5 21. c4 Rab8 22. Kh1 Kh8 23. h4 Rg8 24. Rf2 Rbd8 25. d5 g5 $2 {[#]} (25... b5 {was worth a try.} 26. Bf1 (26. dxc6 Rxd3 27. cxb5 Re8 $18) (26. cxb5 Bxd5 27. Bd2 Bxd2 $16) 26... Ba8) 26. hxg5 {White is clearly winning.} ({Weaker is} 26. dxc6 gxf4 27. Qxf4 Rxd3 $11) 26... Qh5+ 27. Qh2 Qxh2+ 28. Kxh2 Kg7 29. gxf6+ Kxf6 30. Re2 b6 31. Re6+ Kf7 32. Rxc6 {Av CentiPawn Loss W=-10/B=-66. Weighted=-9/-116} 1-0

[Event "USA-ch Women 2020"]
[Site "Saint Louis"]
[Date "2020.10.21"]
[Round "3.1"]
[White "Foisor, Sabina-Francesca"]
[Black "Cervantes Landeiro, Thalia"]
[Result "1/2-1/2"]
[WhiteElo "2228"]
[BlackElo "2311"]
[Annotator "TA"]
[PlyCount "167"]
[EventDate "2020.10.21"]
[EventType "tourn"]
[EventCountry "USA"]
[SourceTitle "playchess.com"]
[Source "ChessBase"]
[SourceQuality "1"]

{[%evp 10,167,21,25,68,30,75,66,68,32,32,40,54,47,47,39,46,38,34,32,71,66,66,57,68,57,85,66,102,96,123,89,80,76,160,37,50,40,50,23,22,32,31,0,52,6,0,-28,0,0,0,6,46,-14,29,29,26,14,14,0,0,0,0,0,59,65,59,59,64,67,76,71,250,83,64,81,261,245,252,252,256,248,232,197,191,35,219,37,138,138,138,3,3,3,3,3,3,3,3,3,3,3,3,3,3,3,3,3,3,3,3,3,3,3,3,3,3,3,3,3,3,3,3,3,3,3,3,3,3,3,3,3,3,3,3,0,3,3,3,3,3,3,3,3,3,3,3,3,3,3,3,0,3,0,3,0,3,0,0,0]} 1. d4 Nf6 2. Nf3 g6 3. Bg5 Ne4 4. Bh4 d5 5. e3 Bg7 6. Nbd2 Nf6 {D03: 1 d4 d5 2 Nf3 Nf6 3 Bg5, including Torre Attack with early ...d5.} 7. Bd3 {[#]} b6 $146 ({Predecessor:} 7... O-O 8. c3 Nbd7 9. e4 dxe4 10. Nxe4 Nxe4 11. Bxe4 Nf6 12. Bxf6 Bxf6 13. Qd2 Bg7 14. h4 {1-0 (45) Norooz,M (1605)-Palczert,B (1519) Budapest 2015}) 8. O-O O-O {White is slightly better.} 9. e4 dxe4 10. Nxe4 Nbd7 11. Re1 Bb7 12. Qe2 Nd5 13. Qd2 N5f6 14. Rad1 Nxe4 15. Bxe4 Bxe4 16. Rxe4 Nf6 17. Ree1 Re8 18. Ne5 c5 19. d5 $1 Qc7 20. c4 Nh5 21. Nc6 {[%cal Rc6e7]} e6 (21... Nf6 $142) 22. g4 (22. Ne7+ $1 $16 Kh8 23. d6 (23. dxe6 fxe6 24. Rxe6 Qf4 $16)) 22... Nf6 $14 23. Bg3 Qb7 24. f3 Rac8 25. b3 h6 26. h3 Kh7 (26... b5 $11) 27. Kg2 b5 28. Bf2 exd5 29. Rxe8 Rxe8 30. cxd5 Rc8 31. Ne5 ({White should play} 31. Rc1 $14) 31... Rd8 {[%cal Rd8d5]} (31... c4 $5 {[%cal Rc4c3]} 32. d6 c3 $17) 32. d6 $36 {[%mdl 2048] Black is under pressure.} ({But not} 32. Bxc5 Nxd5 33. Re1 Qc7 $17) 32... Ne8 33. d7 Bxe5 34. dxe8=Q Rxe8 35. Bxc5 Qc7 36. b4 Bf4 (36... Bc3 $11 37. Qd3 (37. Qxc3 $2 Re2+ {[%mdl 64] Double Attack} 38. Bf2 Qxc3 $19) 37... Be1) 37. Qd7 $1 {[%cal Rd7e8]} Re2+ 38. Kf1 Rxa2 39. Qxc7 Bxc7 {[%mdl 4096] Endgame KRB-KRB} 40. Rd7 {[%mdl 64] Double Attack} Bb6 $2 (40... Be5 $16) 41. Rxf7+ $2 (41. Bxb6 $1 $18 {and the rest is easy.} axb6 42. Rxf7+ Kh8 43. Rf6) 41... Kg8 $16 42. Rb7 Rb2 $2 (42... Bxc5 $16 {was necessary.} 43. bxc5 Kf8) 43. Bxb6 $18 axb6 44. Rxb6 {[%mdl 64] Double Attack} Rxb4 45. Rxg6+ {[%mdl 64] Double Attack. KR-KR} Kh7 46. Rb6 Rb2 47. f4 $2 (47. Rb7+ $18 Kg6 48. h4) 47... b4 $2 {[#]} (47... Rb4 $1 $14) 48. f5 $2 (48. Kg1 $1 $18) 48... b3 (48... Rh2 $14) 49. Rb7+ $16 Kg8 {[#]} 50. h4 (50. Kg1 $1 $16) 50... Rh2 $1 $11 {And now ...b2 would win.The position is equal.} 51. Rxb3 {h5 is the strong threat.} Rxh4 52. Rg3 Kf7 53. Kg2 Kf6 54. Kf3 Rh1 55. Rg2 Rf1+ 56. Kg3 h5 57. gxh5 Kxf5 58. Rh2 Ra1 59. h6 Ra8 60. h7 {Hoping for Rh5+.} Rh8 61. Kf3 Kg6 62. Kf4 Rxh7 63. Rg2+ Kf6 64. Ra2 Rh4+ 65. Kf3 Rb4 66. Ra6+ Kf5 67. Ra5+ Kf6 68. Ke3 Ke6 69. Kd3 Rh4 70. Kc3 Kd6 71. Ra6+ Kc5 72. Ra5+ Kb6 73. Rg5 Kc6 74. Kd3 Kd6 75. Ke3 Ke6 76. Kf3 Ra4 77. Rb5 Kf6 78. Ke3 Ke6 79. Kd3 Kd6 80. Rg5 Rh4 81. Ke3 Ke6 82. Kf3 Ra4 83. Rg4 Rxg4 84. Kxg4 {Black escapes into a draw. Av CentiPawn Loss W=-15/B=-15. Weighted=-16/-19} 1/2-1/2

[Event "USA-ch Women 2020"]
[Site "Saint Louis"]
[Date "2020.10.21"]
[Round "3.2"]
[White "Nguyen, Emily"]
[Black "Abrahamyan, Tatev"]
[Result "1-0"]
[WhiteElo "2280"]
[BlackElo "2358"]
[Annotator "RC"]
[PlyCount "131"]
[EventDate "2020.10.21"]
[EventType "tourn"]
[EventCountry "USA"]
[SourceTitle "playchess.com"]
[Source "ChessBase"]
[SourceQuality "1"]
[TimeControl "1500+5"]

1. d4 {[%emt 0:00:05]} Nf6 {[%emt 0:00:05]} 2. Nf3 {[%emt 0:00:02]} e6 {[%emt 0:00:02]} 3. c4 {[%emt 0:00:01]} d5 {[%emt 0:00:01]} 4. Nc3 {[%emt 0:00:03]} dxc4 {[%emt 0:00:02]} 5. e4 {[%emt 0:00:07]} b5 {[%emt 0:00:05]} 6. e5 {[%emt 0:00:06]} Nd5 {[%emt 0:00:06]} 7. Nxb5 {[%emt 0:00:07]} Nb6 {[%emt 0:00:02]} 8. Be2 {[%emt 0:00:52]} Bb7 {[%emt 0:00:41]} 9. Be3 {[%emt 0:00:45]} Qd7 {[%emt 0:02:15]} 10. Nc3 {[%emt 0:00:18]} Be7 {[%emt 0:00:19]} 11. O-O {[%emt 0:00:10]} Nc6 {[%emt 0:00:12]} 12. a3 {[%emt 0:01:02]} Na5 {[%emt 0:01:03]} 13. Qc2 {[%emt 0:01:19]} O-O-O {[%emt 0:00:38]} 14. Rad1 {[%emt 0:02:14]} Kb8 {[%emt 0:04:27]} 15. Nd2 {[%emt 0:01:22]} f5 {[%emt 0:00:46]} 16. exf6 {[%emt 0:02:21]} gxf6 {[%emt 0:00:06]} 17. Nce4 {[%emt 0:00:11]} Rhg8 {[%emt 0:00:41]} 18. Bf3 {[%emt 0:00:32]} Bd5 {[%emt 0:02:54]} 19. Nc3 {[%emt 0:02:16]} Bxf3 {[%emt 0:01:36]} 20. Nxf3 {[%emt 0:00:00]} Nd5 {[%emt 0:01:04]} 21. Nxd5 {[%emt 0:01:53]} Qxd5 {[%emt 0:00:05]} 22. Qe2 {[%emt 0:00:05]} Bd6 {[%emt 0:00:59]} 23. g3 {[%emt 0:00:56]} h5 {[%emt 0:00:58]} 24. Nh4 {[%emt 0:00:21]} Rg4 {[%emt 0:00:15]} 25. Qf3 {[%emt 0:02:07]} Rdg8 {[%emt 0:00:14]} 26. Qxd5 {[%emt 0:01:19]} exd5 {[%emt 0:00:00]} 27. Nf5 {[%emt 0:00:03]} Re4 {[%emt 0:00:17]} 28. Rfe1 {[%emt 0:01:03]} Kc8 {[%emt 0:01:52]} 29. Bd2 {[%emt 0:00:40]} Rxe1+ {[%emt 0:01:21]} 30. Rxe1 {[%emt 0:00:00]} Nb3 {[%emt 0:00:05]} 31. Bc3 {[%emt 0:00:48]} Kd7 {[%emt 0:00:13]} 32. h4 {[%emt 0:00:03]} Bf8 {[%emt 0:00:36]} 33. Kg2 {[%emt 0:00:19]} a5 {[%emt 0:01:16]} 34. Kf3 {[%emt 0:00:30]} Rg4 {[%emt 0:00:36]} 35. Ne3 {[%emt 0:01:48]} Re4 {[%emt 0:00:59]} 36. Nxd5 {[%emt 0:00:06]} Rxe1 {[%emt 0:00:01]} 37. Bxe1 {[%emt 0:00:01]} Nxd4+ {[%emt 0:00:20]} 38. Ke4 {[%emt 0:00:06]} Nb5 {[%emt 0:00:25]} 39. Nxf6+ {[%emt 0:00:39]} Ke6 {[%emt 0:00:02]} 40. Nxh5 {[%emt 0:00:01]} c3 {[%emt 0:00:02]} 41. Nf4+ {[%emt 0:00:10]} Kf7 {[%emt 0:00:04]} 42. Bxc3 {[%emt 0:00:13]} Nxc3+ {[%emt 0:00:01]} 43. bxc3 {[%emt 0:00:01]} Bxa3 {[%emt 0:00:02]} 44. g4 {[%emt 0:00:37]} Bb2 {[%emt 0:00:04]} 45. Kd3 {[%emt 0:00:02]} Bc1 {[%emt 0:00:20]} 46. Nd5 {[%emt 0:00:12]} c6 {[%emt 0:00:02]} 47. Ne3 {[%emt 0:00:00]} a4 {[%emt 0:00:11]} 48. Kc2 {[%emt 0:00:17]} Ba3 {[%emt 0:00:03]} 49. f4 {[%emt 0:00:11]} Bd6 {[%emt 0:00:06]} 50. f5 {[%emt 0:00:09]} Bg3 {[%emt 0:00:02]} 51. Ng2 {[%emt 0:00:02]} Kf6 {[%emt 0:00:04]} 52. Kb2 {[%emt 0:00:07]} Be5 {[%emt 0:00:03]} 53. Ka3 {[%emt 0:00:05]} Bxc3 {[%emt 0:00:02]} 54. Kxa4 {[%emt 0:00:01]} Bd4 {[%emt 0:00:08]} 55. Kb3 {[%emt 0:00:02]} Ke5 {[%emt 0:00:04]} 56. Kc4 {[%emt 0:00:02]} c5 {[%emt 0:00:02]} 57. h5 {[%emt 0:00:14]} Kf6 {[%emt 0:00:03]} 58. Nf4 {[%emt 0:00:10]} Bf2 {[%emt 0:00:18]} 59. Ne6 {[%emt 0:00:05]} Be3 {[%emt 0:00:02]} 60. Kd5 {[%emt 0:00:15]} Bf2 {[%emt 0:00:13]} 61. Ke4 {[%emt 0:00:02]} c4 {[%emt 0:00:03]} 62. g5+ {[%emt 0:00:01]} Kf7 {[%emt 0:00:01]} 63. h6 {[%emt 0:00:11]} c3 {[%emt 0:00:10]} 64. Kd3 {[%emt 0:00:03]} c2 {[%emt 0:00:19]} 65. Kxc2 {[%emt 0:00:02]} Be3 {[%emt 0:00:00]} 66. h7 {[%emt 0:00:10]} 1-0

[Event "USA-ch Women 2020"]
[Site "Saint Louis"]
[Date "2020.10.21"]
[Round "3.3"]
[White "Eswaran, Ashritha"]
[Black "Derakhshani, Dorsa"]
[Result "1/2-1/2"]
[WhiteElo "2244"]
[BlackElo "2270"]
[Annotator "TA"]
[PlyCount "196"]
[EventDate "2020.10.21"]
[EventType "tourn"]
[EventCountry "USA"]
[SourceTitle "playchess.com"]
[Source "ChessBase"]
[SourceQuality "1"]

{[%evp 22,196,10,16,27,0,0,-11,0,0,0,0,0,0,0,0,0,0,255,0,425,433,545,548,554,542,806,784,777,693,737,18,87,0,22,0,0,0,0,0,0,0,0,-22,0,0,0,0,0,-36,0,0,128,134,153,56,58,54,83,21,21,21,20,27,45,0,0,0,0,0,0,-11,-20,-20,-18,-18,0,0,0,0,0,-45,0,-682,0,0,0,-576,0,-36,0,-46,-46,-46,-46,-46,-46,-46,-31,-46,-46,-46,-46,-46,0,0,0,-62,-61,-5072,-183,-592,-592,-5057,-5057,-4571,-2711,-1942,0,-46,0,0,0,0,8,8,8,8,8,8,8,0,0,0,8,8,40,40,40,40,40,0,0,0,8,8,8,8,8,8,40,40,40,8,8,8,8,0,0,0,0,0,0,0,0,0,0,0,0,0,0,0,0,0,0,0,0]} 1. e4 e5 2. Nf3 Nc6 3. Bc4 Bc5 4. O-O Nf6 5. d3 a6 6. c3 Ba7 7. Bb3 d6 8. Nbd2 O-O 9. h3 h6 10. Re1 Re8 $1 {[%mdl 4] is recently more successful than 10...Nh5.} 11. Nf1 Be6 12. Ng3 d5 {C54: Giuoco Piano: 4 c3 Nf6, main lines with 5 d4 and 5 d3.} 13. Qe2 Qd7 14. Nh4 Bxh3 15. gxh3 Qxh3 {[#]} 16. Nhf5 $146 ({Predecessor:} 16. Ngf5 Ng4 17. Qf3 Bxf2+ 18. Qxf2 Nxf2 19. Kxf2 Qxd3 20. Re3 Qb5 21. Bxd5 Ne7 22. c4 {0-1 (35) Bartakke,A (1219)-Ananya,R (1467) Mumbai 2016}) 16... Ng4 17. Qf3 Bxf2+ {[#]} 18. Qxf2 $1 {[%mdl 512]} Nxf2 19. Kxf2 dxe4 $2 {[%mdl 8192]} (19... Qh2+ $11 20. Kf3 dxe4+ 21. dxe4 Rad8) 20. dxe4 $2 ({White must play} 20. Rh1 $18 Qg4 21. dxe4) 20... Ne7 $2 {[%mdl 8192]} (20... Qh2+ $11 21. Kf3 Rad8) 21. Rh1 $18 Qg4 {[#]} 22. Bxh6 $1 {[%mdl 512]} Nxf5 (22... gxh6 23. Nxh6+) 23. Nxf5 Qxe4 24. Nxg7 Red8 25. Rag1 {Ne8+ would kill now.} Kf8 {White should prevent ...Rd3.} 26. Nf5+ $2 (26. Ne6+ $18 {has better winning chances.} Ke8 27. Rg8+ Ke7 28. Bg5+ {[%mdl 64] Skewer} Kd6 29. Rd1+ (29. Bxd8 Qxh1 30. Bxc7+ Kc6 $11) 29... Kc6 30. Nxd8+ {[%mdl 64] Discovered Attack} Kb6 31. Rg7) 26... Ke8 $16 27. Rg8+ (27. Ng3 $1 $16 {[%cal Rg3e4]} Qg6 28. Be3) 27... Kd7 $11 28. Rd1+ Kc6 29. Ne7+ (29. Rdxd8 $2 Qxf5+ 30. Ke1 Rxd8 $19) 29... Kb5 $1 30. a4+ Ka5 $1 31. Rgxd8 Qh4+ 32. Ke2 Qh2+ 33. Kf3 Qh5+ 34. Ke4 Qh4+ 35. Kf5 Rxd8 36. Rxd8 Qxe7 (36... Qxh6 $11 37. Rd5+ Kb6 38. a5+ Ka7 39. Rxe5 Qh3+ 40. Kf6 Qh8+ 41. Kf5 Qh3+ 42. Kf6 Qh8+ 43. Kf5 Qh3+) 37. Bg5 $16 f6 38. Rd5+ (38. Bxf6 $16 Qh7+ 39. Ke6 (39. Kxe5 Qh2+ 40. Kf5 Qxb2 $16)) 38... b5 $1 $14 39. Bxf6 {[%mdl 64] Double Attack} Qh7+ 40. Kxe5 (40. Ke6 $16 Kb6 41. axb5 (41. Bxe5 Qh3+ 42. Kf7 Qh5+ 43. Ke7 Qh7+ 44. Kf8 Qf5+ 45. Ke8 Qg6+ 46. Kd8 Qg8+ 47. Kd7 Qf7+ 48. Kd8 Qg8+ 49. Ke7 Qh7+ 50. Kf8 Qf5+ 51. Kg7 Qg4+ 52. Kh6 Qh4+ 53. Kg7 Qg4+ 54. Kh8 Qh5+ 55. Kg8 Qg6+ 56. Bg7 bxa4 $11) (41. Kxe5 Qh2+ 42. Ke6 Qe2+ 43. Be5 Qxb2 $16)) 40... Qh2+ $11 41. Ke6 Qxb2 42. Bd1 Qa2 43. axb5 (43. Be5 $5 {[%cal Re5c7]} Qc4 44. Bc2 $16) 43... axb5 44. Bd8 Kb6 45. Bf3 Qb3 46. Be2 Kb7 47. Ke5 Qxc3+ 48. Ke4 Qc2+ 49. Bd3 Qg2+ 50. Kd4 Qf2+ 51. Kc3 c6 {[%mdl 1024] Black has compensation.} 52. Re5 $2 {[%mdl 8192] [#]} (52. Rf5 $11 Qe1+ 53. Kc2) 52... Qf8 $2 (52... b4+ $1 $19 {[%mdl 512]} 53. Kc4 (53. Kxb4 Qb2+) 53... Qb2 54. Re7+ Kc8 55. Bf5+ Kxd8 56. Rd7+ Ke8) 53. Be7 Qg7 54. Bd6 $2 {[%mdl 8192]} (54. Kd4 $11 {and White has nothing to worry.}) 54... Kb6 $2 (54... Qf6 $19 55. Be4 b4+ $1 {[%mdl 512]} 56. Kc4 Qxd6 57. Rb5+ Ka6 58. Rxb4 c5 59. Ra4+ Kb6) 55. Kb4 Qg4+ 56. Re4 (56. Kc3 {feels hotter.} Qg7) 56... Qg1 {Threatens to win with ...Qc1.} 57. Bf4 c5+ 58. Kc3 Qa1+ 59. Kd2 Qb2+ 60. Bc2 b4 {Hoping for ...b3.} 61. Be5 Qa2 {White must now prevent ...b3.} 62. Kc1 c4 63. Bd4+ Kc6 64. Bb1 (64. Re5 $11) 64... Qg2 $15 {Strongly threatening ...Kd5.} 65. Be3 $2 {[%mdl 8192]} (65. Bc2 $15) 65... Kb5 $2 (65... Qf1+ 66. Kc2 Qe2+ 67. Kc1 c3 68. Rxb4 Qxe3+ 69. Kc2 Kc5 70. Rg4 Qd2+ 71. Kb3 Qb2+ {[%mdl 64] Double Attack} 72. Ka4 Qxb1 73. Rg5+ Kb6 74. Rh5 Qd1+ 75. Kb4 Qxh5 76. Kxc3 Qd5 77. Kb2 Qd2+ 78. Ka1 Kb5 79. Kb1 Ka4 80. Ka1 Kb3 81. Kb1 Qe1#) 66. Bc2 $2 (66. Bd2) 66... b3 $19 {[%csl Gb3][%cal Rg2c2]} 67. Re5+ {[#]} Ka4 $1 {[%csl Gb3][%cal Rg2c2]} 68. Be4 Qf1+ 69. Kd2 {[#]} b2 $2 ({Black should play} 69... c3+ $1 $19 {[%mdl 512]} 70. Kxc3 Qa1+ 71. Kd3 Qxe5) 70. Bc2+ Kb4 {[%csl Gb4][%cal Rc4c3]} 71. Bc5+ Kb5 {...Qf4+ is the strong threat.} 72. Bd4+ Kc6 $132 {[%mdl 2048] ( -> ...Qc1+). Black is not keeping still} 73. Bxb2 {aiming for Bd4.} Kd6 74. Re2 Kd5 75. Be4+ Kc5 76. Ba3+ Kb5 77. Bb2 Kb4 78. Bc3+ Kb3 79. Bc2+ Ka3 80. Bd1 Qf4+ 81. Kc2 (81. Re3 $5 {[%cal Rc3e5]} Qf2+ 82. Be2 $16) 81... Qf5+ 82. Kc1 {And now Rb2 would win.} Qf4+ 83. Bd2 Qd4 {[%csl Ga3][%cal Rd4b2]} 84. Re3+ Ka2 {[%csl Ga2][%cal Rd4b2]} 85. Rc3 Qb6 {[%csl Ga2][%cal Rb6b2]} 86. Rc2+ Ka3 87. Bc3 Qe3+ {The position is equal.} 88. Kb1 {[%csl Gb1][%cal Rc2a2]} Qd3 89. Kc1 Qe3+ 90. Bd2 (90. Kb1 $5 {[%cal Rc2a2]} Qd3 91. Be2 $11) 90... Qd4 {[%cal Rd4a1]} 91. Rc3+ Ka2 92. Be2 Qg1+ 93. Bd1 Qd4 94. Rc2+ Ka3 {[%cal Rd4a1]} 95. Kb1 {[%csl Gb1][%cal Rc2a2]} Qb6+ 96. Ka1 {[%csl Ga1][%cal Rc2a2]} Qd4+ 97. Kb1 {[%csl Gb1][%cal Rc2a2]} Qb6+ 98. Kc1 Qd4 {Both players deserved the win here. Av CentiPawn Loss W=-48/B=-69. Weighted=-57/-122} 1/2-1/2